000 01924nam a2200469 c 4500
999 _c1971
_d1971
003 BLK
005 20250605160900.0
008 180412b bul|||||r ||||||| ||bul||
010 _aKNG00002894000
020 _a954-474-333-2
040 _aBLK
041 _aBUL
_cBUL
080 _aИстория на България
_b94(497.2)
_x(092)(02.062)
_z94(497.2)(092)(02.062)
080 _aБиографии
_b929
_x(497.2)
_z929(497.2)
139 _aЛалков, Милчо Димитров и др.
_bЛ 17
245 1 0 _aВладетели на България
_bХанове, царе, държавници
_cтекст Милчо Димитров Лалков; текст Драгомир Драганов; ил. Текла Вилхелм Алексиева.
250 _a2. изд.
257 _aBGR
260 _bКибеа
_c2003
_fОтпеч. в Словакия
300 _a68 с.
_bс ил., портр., к.
_c33 см
380 _a9
500 _aАвт. не са отбелязани на кор. - 1. изд. 1995 ; В кн. означено 4. прераб. изд.
650 4 _aВладетели, български
_9245086
651 4 _aБългария
_9241624
653 _aбългарски владетели
653 _aханове
653 _aцаре
653 _aдържавници
653 _aкнязе
653 _aбългарска история
653 _aбиографии
700 _aЛалков, Милчо Димитров
_d1944 - 2000
_gИсторик.
_9363743
700 1 _aДраганов, Драгомир
_eтекст
_9245084
700 1 _aАлексиева, Текла Вилхелм
_eил.
_9245085
852 _aЦб ІІ 13922
856 4 _qpdf
_u
856 4 _qpdf
_u
942 _cKNG
_n0
_026
_s1
944 _aCR
_c25.07.2006
_k30564
_lАнна Гръцманова
944 _aED
_c14.10.2008
999 _d1971